000 00389cam a2200181ua 4500
001 10090
008 170327n ii |||gr||||Z||||||eng
040 _cMAIN
041 _aeng
082 _a320.3
100 _aRaj, Hans,
_eAuthor.
245 _acBy Hans Raj
250 _a2nd ed.
260 _aDelhi:
_bSurjeet,
_c1998.
300 _a388p.
653 _aPolitical science
942 _cBK
999 _c9089
_d9089